[Event "4th CNE NED-ch Rapid"]
[Site "Amstelveen"]
[Date "2018.11.18"]
[Round "1"]
[White "Van Wely, Loek"]
[Black "Timman, Jan H"]
[Result "1/2-1/2"]
[WhiteElo "2622"]
[BlackElo "2541"]
[Annotator "RC"]
[PlyCount "20"]
[EventDate "2018.11.18"]
[EventType "tourn"]
[EventCountry "NED"]
[SourceTitle "playchess.com"]
[Source "ChessBase"]
[SourceQuality "1"]
[TimeControl "900+10"]

1. e4 {[%emt 0:00:00]} e6 {[%emt 0:00:00]} 2. d4 {[%emt 0:00:00]} d5 {[%emt 0:00:00]} 3. Nd2 {[%emt 0:00:00]} dxe4 {[%emt 0:00:00]} 4. Nxe4 {[%emt 0:00:00]} Nd7 {[%emt 0:00:00]} 5. Nf3 {[%emt 0:00:24]} Be7 {[%emt 0:00:00]} 6. Bd3 {[%emt 0:00:24]} Ngf6 {[%emt 0:00:00]} 7. Bf4 {[%emt 0:01:16]} Nxe4 {[%emt 0:00:34]} 8. Bxe4 {[%emt 0:00:02]} c5 {[%emt 0:00:00]} 9. Bg3 {[%emt 0:00:49]} O-O {[%emt 0:00:59]} 10. O-O {[%emt 0:00:04]} f5 {[%emt 0:00:16]} 1/2-1/2

[Event "4th CNE NED-ch Rapid"]
[Site "Amstelveen"]
[Date "2018.11.18"]
[Round "1"]
[White "Reinderman, Dimitri"]
[Black "Van den Doel, Erik"]
[Result "1/2-1/2"]
[WhiteElo "2582"]
[BlackElo "2615"]
[Annotator "TA"]
[PlyCount "60"]
[EventDate "2018.11.18"]
[EventType "tourn"]
[EventCountry "NED"]
[SourceTitle "playchess.com"]
[Source "ChessBase"]
[SourceQuality "1"]

{[%evp 18,60,29,29,27,32,30,34,19,14,46,37,38,52,49,0,-4,-46,-40,-41,0,0,0,0,0,0,0,0,0,0,0,0,0,0,0,0,0,0,0,0,0,0,0,0,0]} 1. Nf3 d5 2. e3 Nf6 3. c4 c6 4. Nc3 e6 5. b3 Bd6 6. Bb2 Nbd7 7. Qc2 O-O 8. Be2 b6 {A11: English Opening: 1...c6} 9. Rg1 Qe7 10. g4 {LiveBook: 4 Games} Ba3 {White has an edge.} 11. g5 Ne8 {[%cal Bf6e8,Be8d6,Bd6c4][%mdl 32]} 12. Bxa3 Qxa3 13. h4 {[%cal Bh2h4,Bh4h5,Bh5g6][%mdl 32]} Ba6 14. h5 dxc4 15. bxc4 Nd6 {[#]} 16. g6 $146 (16. Ne4 $14) ({Predecessor:} 16. Ne4 Nxe4 17. Qxe4 Nc5 18. Qe5 Nd7 19. Qd4 Qe7 20. Ne5 Nxe5 21. Qxe5 f6 22. gxf6 Rxf6 23. f4 {½-½ (23) Zvjaginsev,V (2645)-Dreev,A (2677) Poikovsky 2002}) 16... fxg6 $11 17. hxg6 h6 $1 18. Nd4 Bxc4 19. Bxc4 {The position is equal.} Nxc4 20. Nxe6 Nde5 21. Nxf8 {[#] Threatens to win with Ne6.} Nf3+ 22. Ke2 Rxf8 23. Ne4 Nfxd2 24. Nxd2 Rxf2+ $1 25. Kxf2 Qxe3+ 26. Kg2 Qg5+ 27. Kf3 Qe3+ 28. Kg2 Qg5+ 29. Kf3 Qe3+ 30. Kg2 Qg5+ 1/2-1/2

[Event "4th CNE NED-ch Rapid"]
[Site "Amstelveen"]
[Date "2018.11.18"]
[Round "1"]
[White "Spoelman, Wouter"]
[Black "Sokolov, Ivan"]
[Result "0-1"]
[WhiteElo "2573"]
[BlackElo "2588"]
[Annotator "TA"]
[PlyCount "33"]
[EventDate "2018.11.18"]
[EventType "tourn"]
[EventCountry "NED"]
[SourceTitle "playchess.com"]
[Source "ChessBase"]
[SourceQuality "1"]

{[%evp 20,33,42,0,0,-10,31,0,0,0,0,0,0,0,18,-6]} 1. e4 c5 2. Nf3 d6 3. d4 cxd4 4. Nxd4 Nf6 5. Nc3 a6 6. Be3 e5 7. Nb3 Be6 8. f3 Be7 9. Qd2 O-O 10. O-O-O a5 11. Bb5 Na6 $1 {B90: Sicilian Najdorf: Unusual White 6th moves, 6 Be3 Ng4 and 6 Be3 e5} 12. Qf2 (12. Qe2 Qb8 13. g4 Rc8 14. g5 Ne8 15. Kb1 Nec7 16. Bc4 Bxc4 17. Qxc4 a4 18. Nc1 a3 19. b3 {0-1 (62) Karjakin,S (2739)-Grischuk,A (2760) Odessa 2010}) 12... Nc7 13. Bb6 (13. Nc5 $5) 13... Qb8 {The position is equal.} 14. Ba4 Ra6 15. Kb1 Rc8 {Hoping for ...Na8.} 16. Bxc7 Qxc7 17. g4 $146 {[%mdl 32768] Loss on time!?} ({Predecessor:} 17. Bb5 Raa8 18. a4 Nd7 19. Nd2 {½-½ (44) Kutasi,K (1918)-Papp,P (2192) Miskolc 2009}) 0-1

[Event "4th CNE NED-ch Rapid"]
[Site "Amstelveen"]
[Date "2018.11.18"]
[Round "1"]
[White "Ernst, Sipke"]
[Black "Van Foreest, Jorden"]
[Result "0-1"]
[WhiteElo "2535"]
[BlackElo "2613"]
[Annotator "TA"]
[PlyCount "104"]
[EventDate "2018.11.18"]
[EventType "tourn"]
[EventCountry "NED"]
[SourceTitle "playchess.com"]
[Source "ChessBase"]
[SourceQuality "1"]

{[%evp 18,104,6,-26,16,-5,21,-19,-26,-33,-39,-36,-36,-47,0,-10,92,95,93,54,54,58,94,56,54,36,45,22,102,112,116,122,150,77,175,153,166,180,190,14,28,26,176,190,175,182,166,97,135,75,196,170,229,228,218,181,210,211,360,371,352,207,180,58,221,204,254,131,105,91,104,-191,8,-233,-167,-383,-349,-29985,-29986,-29987,-29988,-29988,-29989,-29989,-29990,-29990,-29991,-29990,-29991]} 1. Nf3 d5 2. c4 e6 3. g3 Nf6 4. Bg2 Be7 5. b3 O-O 6. O-O c5 7. e3 Nc6 8. Bb2 b6 9. Qe2 Bb7 10. Nc3 a6 {A14: English Opening: 1...e6 with b3 by White} 11. Rac1 $146 ({Predecessor:} 11. d3 Qc7 12. Rac1 dxc4 13. bxc4 Rfd8 14. Rfd1 Rac8 15. Ba1 Nb8 16. h3 Nbd7 17. Rb1 Ba8 18. e4 Rb8 19. Re1 Bc6 20. e5 Ne8 21. Ne4 h6 22. h4 b5 {1-0 (49) Fridman,D (2626)-Borne,N (2346) France 2007}) 11... Re8 12. Rfd1 d4 {The position is equal.} 13. exd4 cxd4 (13... Nxd4 14. Nxd4 Bxg2 15. Nxe6 $16 (15. Kxg2 cxd4 16. Ne4 e5 $11)) 14. Na4 Bc5 15. Ne5 Qd6 16. Nd3 a5 {[#]} (16... Nd7 $11) 17. Nxb6 $1 $16 {[%mdl 512]} Rad8 (17... Bxb6 18. c5) 18. Nxc5 (18. Na4 {with more complications.} Ba7 19. f4 Qb8 20. c5 Re7 21. Re1) 18... Qxc5 19. Na4 Qe7 20. d3 Nb4 21. a3 {[%cal Ba2a3,Ba3b4,Bb4b5][%mdl 32] And now Bxb7 would win.} Bxg2 22. axb4 Ba8 (22... Qb7 $11 {keeps the balance.}) 23. b5 e5 24. f3 $36 {[%mdl 2048] Black is under strong pressure.} Qb7 25. Nc5 (25. Rf1 $142) 25... Qb6 (25... Qxf3 $16 26. Qxf3 Bxf3) 26. Ne4 Nd7 {[#]} 27. Ba3 $1 Re6 28. h3 $2 (28. b4 $18) 28... f5 $1 $11 29. Nd6 Nc5 (29... Rxd6 $11 {and Black is okay.} 30. c5 Qxb5 31. cxd6 Qxb3) 30. Nxf5 $18 Nxb3 31. Rb1 a4 32. Kh2 (32. g4 $18) 32... Qb7 33. Rf1 (33. Re1 $142) 33... Rf6 (33... g6 $16) 34. g4 (34. Qxe5 Nd2 $15) 34... Qb8 (34... Qc7 {is a better defense.}) 35. Kg2 Re8 36. Rbe1 h6 37. Qf2 Rxf5 (37... Kh7 {might work better.} 38. Bb4 Bb7) 38. gxf5 Qc8 39. Kh2 (39. f6 $142 {Strongly threatening Qg3.} gxf6 40. Kh2) 39... Qxf5 40. Rg1 (40. Re4 $18) 40... Kh7 $2 (40... Qxd3 $14 41. Qg3 {[%mdl 64] Double Attack} g5 42. Rxe5 Rxe5 43. Qxe5 Qxf3 44. Qe6+ Kh7 45. Qd7+ Kh8 46. Qd8+ Kh7 47. Qe7+ Kg6 48. Qe8+ Kh7 49. Qe7+ Kg6 50. Qe8+ Kh7 51. Qe7+) 41. Bd6 {Bxe5! is the strong threat.} g5 42. Rg3 ({White should play} 42. f4 $18) 42... Re6 $16 43. c5 Bd5 44. Qa2 $2 {[%mdl 8192]} (44. b6 $16 {stays on course.}) 44... h5 $2 ({Better is} 44... Qf4 $1 $19 45. Kg2 Nxc5 46. Qxd5 {[%mdl 64] Double Attack} Qd2+ {[%mdl 64] Double Attack} 47. Kh1 (47. Kf1 $2 Nxd3 48. Qe4+ Kg7 $19) 47... Qxe1+ {[%mdl 64] Double Attack} 48. Rg1 Qh4) 45. Qg2 $2 ({Inferior is} 45. Qxa4 h4 $19) (45. Qe2 $11 {and White has nothing to worry.}) 45... Qf4 $1 $19 46. Kg1 $2 (46. Kh1 {was necessary.} Nd2 47. c6 Rxd6 48. c7) 46... Nd2 47. Re4 $2 (47. Kh1 $19) 47... Bxe4 {Black mates.} 48. fxe4 h4 49. Rg4 Nf3+ 50. Kh1 Qc1+ 51. Qg1 Nxg1 52. Rxg1 Qe3 {Accuracy: White = 38%, Black = 39%.} 0-1

[Event "4th CNE NED-ch Rapid"]
[Site "Amstelveen"]
[Date "2018.11.18"]
[Round "2"]
[White "Van den Doel, Erik"]
[Black "Van Wely, Loek"]
[Result "0-1"]
[WhiteElo "2615"]
[BlackElo "2622"]
[Annotator "TA"]
[PlyCount "124"]
[EventDate "2018.11.18"]
[EventType "tourn"]
[EventCountry "NED"]
[SourceTitle "playchess.com"]
[Source "ChessBase"]
[SourceQuality "1"]

{[%evp 21,124,22,31,12,56,49,69,67,76,74,77,76,68,67,73,39,73,39,72,77,116,113,102,84,137,77,241,245,439,475,453,398,400,0,457,231,248,241,223,229,220,173,183,173,173,167,166,170,178,139,120,118,118,76,61,58,63,42,33,8,8,8,17,-20,22,0,0,0,0,0,0,0,0,0,0,-8,-8,-8,-8,-8,-8,-8,-8,-8,-8,-29977,-29978,-29976,-29978,-29974,-29979,-29979,-29980,-29981,-29982,-29978,-29976,-29985,-29986,-29984,-29985,-29988,-29989,-29989,-29990]} 1. e4 {CB} c5 2. Nf3 e6 3. d4 cxd4 4. Nxd4 Nc6 5. Nc3 a6 6. Nxc6 bxc6 7. Bd3 d5 8. O-O Nf6 9. Qe2 {B46: Sicilian: Taimanov: 5 Nc3 a6} (9. Qf3 Be7 10. Qg3 Nh5 11. Qf3 Nf6 12. e5 Nd7 13. Qg3 Kf8 14. Na4 h5 15. h3 h4 16. Qf4 Kg8 {1-0 (47) Sjugirov,S (2654)-Grachev,B (2626) Sochi 2018}) 9... Bb7 10. b3 Qc7 11. Bb2 Be7 {LiveBook: 16 Games} 12. Na4 dxe4 13. Bxe4 Nxe4 14. Qxe4 c5 15. Qg4 O-O-O 16. Rad1 Rxd1 $146 ({Predecessor:} 16... Bd6 17. Qh5 f5 {0-1 (62) Osmanodja,F (2322)-Schleining,Z (2351) Dresden 2014 CBM 163 Extra [CB]}) 17. Rxd1 Rd8 18. Re1 ({Not} 18. Bxg7 Rg8 $17) 18... g6 19. Be5 Qc6 20. f3 f5 21. Qc4 g5 22. Bg3 Kd7 (22... Rd5 $142) 23. Bf2 (23. h3 $142) 23... Rc8 $2 (23... g4 $16 {was necessary.}) 24. Qc3 Qd6 $2 (24... Rg8 25. Nxc5+ (25. Bxc5 g4 $16) 25... Bxc5 26. Rd1+ (26. Qxc5 Qxc5 27. Bxc5 g4 $16) 26... Kc8 27. Bxc5 g4) 25. Qa1 $18 Ke8 26. Qh8+ Kd7 27. Qa1 Ke8 $1 {intending ...Kf7.} 28. Rd1 (28. Qg7 $142) 28... Bf6 29. Rxd6 Bxa1 30. Nxc5 Bc6 31. Rxe6+ Kf7 32. Re1 Bc3 33. Rd1 a5 34. Rd3 Bb4 35. c3 Bxc5 36. Bxc5 Bxf3 $16 {[%mdl 4096] Endgame KRB-KRB} 37. Rd7+ Ke6 38. Rd6+ Ke5 39. b4 (39. Ba3 {is more complex.} Be4 40. c4 a4 41. c5 axb3 42. axb3 Rc6 43. Rd2) 39... Bd5 40. a3 axb4 41. Bxb4 f4 42. a4 Rc4 43. a5 Re4 44. Kf2 Bc4 {[#] Hoping for ...Re2+.} 45. Rd2 g4 46. Bd6+ Kf5 47. g3 f3 48. Bf4 (48. h3 {feels hotter.} gxh3 49. Kxf3 h5 50. Kf2 Ke6 51. Bb8) 48... Re2+ 49. Rxe2 fxe2 $11 {KB-KB} 50. Ke1 Ke4 51. Bg5 Kf3 52. Bd8 Kg2 53. Bh4 $2 {[%mdl 8192]} (53. Bc7 $11) 53... Kxh2 {Black mates.} 54. Kf2 h5 55. Bd8 {[#]} e1=Q+ $1 {[%mdl 512]} 56. Kxe1 Kxg3 57. Bc7+ Kf3 58. Bd8 g3 59. a6 Bxa6 60. Be7 Kg4 61. Bd8 h4 {[%cal Bh5h4,Bh4h3][%mdl 32]} 62. Be7 h3 {Precision: White = 39%, Black = 79%.} 0-1

[Event "4th CNE NED-ch Rapid"]
[Site "Amstelveen"]
[Date "2018.11.18"]
[Round "2"]
[White "Van Foreest, Jorden"]
[Black "Sokolov, Ivan"]
[Result "1-0"]
[WhiteElo "2613"]
[BlackElo "2588"]
[Annotator "TA"]
[PlyCount "87"]
[EventDate "2018.11.18"]
[EventType "tourn"]
[EventCountry "NED"]
[SourceTitle "playchess.com"]
[Source "ChessBase"]
[SourceQuality "1"]

{[%evp 16,87,39,35,43,39,36,40,71,64,72,68,81,70,91,63,95,88,95,66,75,46,56,0,0,0,0,0,0,0,-11,-22,-16,-24,0,-58,-85,-95,-100,-97,-91,-87,-59,-87,0,0,0,0,0,0,0,0,0,0,49,51,65,0,0,-17,77,47,54,52,150,128,833,833,807,807,777,775,690,672]} 1. e4 e5 2. Nf3 Nc6 3. Bc4 Nf6 4. d3 Be7 5. O-O O-O 6. Re1 d6 7. a4 h6 8. c3 Nh7 9. Nbd2 Ng5 {C55: Two Knights: 4 d3, 4 d4 exd4 5 e5 and Max Lange Attack} 10. Nf1 Bg4 11. Bxg5 hxg5 $146 {White is slightly better.} ({Predecessor:} 11... Bxg5 12. h3 Be6 13. a5 Rb8 14. b4 a6 15. Rb1 Re8 16. Nxg5 Qxg5 {½-½ (43) Korneev,O (2550)-Ladron de Guevara Pinto,P (2410) Las Palmas 2017}) 12. h3 Bd7 13. Ne3 g6 14. d4 Bf6 15. Qd2 Kg7 16. Rad1 Rh8 17. Bb5 a6 18. Bxc6 (18. Bf1 {is more complex.} Qc8 19. g4 Qd8 20. Bg2 Kg8 21. Nd5) 18... Bxc6 19. Ng4 (19. Qc2 $14) 19... Bxa4 $11 20. Ra1 Bb5 21. Rad1 {[%cal Rd4e5]} exd4 22. cxd4 Be7 $1 23. Qc3 d5 24. exd5 Bd6 25. Re5 (25. Rc1 $11) 25... Bd7 $15 26. Rxg5 f6 {[%mdl 64] Trapped Piece} 27. Re5 Bxg4 $1 ({Worse is} 27... Bxe5 28. dxe5 Bxg4 29. hxg4 $16) 28. hxg4 fxe5 29. dxe5 Be7 (29... Bf8 $1 $17 30. d6 cxd6 31. exd6+ Qf6 32. Qc7+ Kg8 33. Qc4+ Qf7) 30. Nd4 $1 $11 {[%cal Rd4e6]} Kg8 {[#]} 31. d6 $1 {[%mdl 512]} cxd6 32. exd6 Rh7 ({Wrong is} 32... Qxd6 $2 33. Qb3+ Kf8 34. Ne6+ Qxe6 35. Qxe6 $18) 33. Qb3+ Kh8 34. Ne6 $40 {[%mdl 128] White attacks.} Qd7 {And now ...Bf6 would win.} ({Weaker is} 34... Qb8 35. Qf3 $16) (34... Qa5 $5 {[%cal Re7d6]} 35. Qxb7 Rg8 36. dxe7 Qe5 $11) 35. dxe7 Qxe7 36. Qc3+ ({White should try} 36. Nf4 $14 Qf7 37. Qxf7 Rxf7 38. Nxg6+ Kg8 39. f3) 36... Kg8 37. Nf4 {Hoping for Nd5.} Qf7 {[#]} (37... Rd8 $11 {keeps the balance.} 38. Qc4+ Rf7 39. Rxd8+ Qxd8) 38. Nd5 $1 $16 {[%cal Rd5f6][%mdl 1024] White has strong compensation.} Rf8 {[%csl Gf8][%cal Rf7f2]} 39. Qe3 Kh8 {[#]} (39... Rd8 $14 40. Qd4 Kf8) 40. g5 $1 Rh5 $2 {[%mdl 8192]} (40... Rd8 $16) 41. Qc3+ $18 {White is clearly winning.} Qg7 42. Nf6 Rxg5 43. Qh3+ Rh5 44. Nxh5 {Accuracy: White = 69%, Black = 49%.} 1-0

[Event "4th CNE NED-ch Rapid"]
[Site "Amstelveen"]
[Date "2018.11.18"]
[Round "2"]
[White "Timman, Jan H"]
[Black "Spoelman, Wouter"]
[Result "1/2-1/2"]
[WhiteElo "2541"]
[BlackElo "2573"]
[Annotator "TA"]
[PlyCount "69"]
[EventDate "2018.11.18"]
[EventType "tourn"]
[EventCountry "NED"]
[SourceTitle "playchess.com"]
[Source "ChessBase"]
[SourceQuality "1"]

{[%evp 16,69,20,24,31,33,24,22,25,25,26,25,33,28,20,26,27,31,54,60,59,62,72,90,91,51,45,36,66,18,26,8,45,-20,98,5,0,8,35,4,16,0,0,-6,-8,-7,0,0,34,0,0,-2,0,0,0,0]} 1. Nf3 d5 2. g3 c6 3. Bg2 Nf6 4. c4 e6 5. b3 Nbd7 6. Bb2 Bd6 7. d4 O-O 8. O-O b5 9. Nbd2 a5 {E01: Catalan: Early deviations} (9... bxc4 10. bxc4 Ba6 11. Qc2 Rb8 12. Rab1 Bb4 13. a3 Bxd2 14. Nxd2 Nb6 15. c5 Nc4 16. Nxc4 Bxc4 17. Bc3 Qc7 18. Bf3 Nd7 19. Rfe1 Rxb1 20. Rxb1 Rb8 {1-0 (54) Iljiushenok,I (2539)-Remizov,Y (2315) Sochi 2018}) 10. Qc2 bxc4 11. bxc4 Ba6 12. Rfe1 $146 ({Predecessor:} 12. Rfc1 Rc8 13. e4 Be7 14. e5 Ne8 15. cxd5 cxd5 16. Qa4 Rb8 17. Bc3 {0-1 (31) Ferrer Serrano,R (2175)-Cervera Procas,R Aragon 1998}) 12... Rb8 13. c5 Bc7 14. Bc3 Qe7 15. e4 dxe4 16. Nxe4 Bc4 17. Nxf6+ Nxf6 18. Ne5 Bxe5 $1 19. dxe5 Nd5 20. Bd2 Ba6 21. Bxa5 Rb5 22. Bd2 (22. Bb6 $5) 22... Rxc5 23. Qa4 Bb5 24. Qg4 ({White should try} 24. Qb3 $14) 24... Bd3 (24... Rc4 $11 {keeps the balance.} 25. Qd1 Ra8) 25. Bb4 (25. Qd4 $16 Bf5 26. Bg5) 25... Nxb4 $11 26. Qxb4 Qa7 $1 27. Qd4 Qa3 28. Qd6 Bb5 29. Be4 {[#] Strongly threatening Bxh7+!} g6 30. Kg2 Qc3 31. a4 Ba6 32. Bf3 (32. Rac1 $5 Qxc1 33. Rxc1 Rxc1 34. Bxc6 $11) 32... Qa5 {The position is equal.} 33. Rac1 Rxc1 34. Rxc1 Qxa4 35. Qxc6 {Accuracy: White = 61%, Black = 60%.} 1/2-1/2

[Event "4th CNE NED-ch Rapid"]
[Site "Amstelveen"]
[Date "2018.11.18"]
[Round "2"]
[White "Ernst, Sipke"]
[Black "Reinderman, Dimitri"]
[Result "1-0"]
[WhiteElo "2535"]
[BlackElo "2582"]
[Annotator "TA"]
[PlyCount "131"]
[EventDate "2018.11.18"]
[EventType "tourn"]
[EventCountry "NED"]
[SourceTitle "playchess.com"]
[Source "ChessBase"]
[SourceQuality "1"]

{[%evp 9,131,16,31,10,28,0,18,39,46,53,43,56,63,65,82,78,83,83,77,90,121,126,171,126,137,149,147,126,145,119,201,185,184,114,114,114,114,114,113,123,113,115,166,103,115,110,119,120,132,122,135,136,155,122,139,149,168,178,193,164,185,193,197,197,200,192,182,175,214,208,281,264,277,272,307,297,545,544,518,518,555,443,384,357,1075,1034,833,830,29942,12846,29954,29954,29955,29956,29955,29954,29955,29954,12214,9116,29959,29954,29949,29952,29962,29963,29963,29964,29967,29968,29967,29968,29970,29971,29969,29971,29975,29976,29977,29977,29978,29979,29976,29977]} 1. Nf3 f5 2. d3 Nc6 3. e4 e5 4. d4 fxe4 5. Nxe5 Qf6 (5... Nf6 6. Be2 d6 7. Nxc6 bxc6 8. c4 Be7 9. Nc3 O-O 10. Be3 d5 11. h3 Qe8 {½-½ (34) Ernst,S (2555)-Reinderman,D (2590) Netherlands 2014}) 6. Nc3 $146 {C40: Latvian and Elephant Gambits} ({Predecessor:} 6. f4 d6 7. Nxc6 bxc6 8. d5 Qg6 9. dxc6 Be7 10. g3 Bf6 11. Be2 Qf5 {½-½ (60) Wen,Y (2605)-Sandipan,C (2566) Sanya City 2017}) 6... Bb4 $1 7. Nxc6 bxc6 8. Qh5+ {The position is equal.} g6 9. Qe5+ Qxe5 10. dxe5 d5 11. exd6 $1 cxd6 12. Bd2 $1 Bf5 13. Nxe4 Bxd2+ 14. Nxd2 Bxc2 15. Rc1 Ba4 16. b3 Bb5 17. Bxb5 cxb5 18. Ne4 Kd7 {White must now prevent ...Re8.} 19. O-O {aiming for Rfd1.} Nh6 (19... Ne7 $16) 20. Rfd1 Nf7 21. Nf6+ (21. Re1 $18) 21... Ke6 $16 22. Nd5 {Rc7 is the strong threat.} Rac8 {Threatens to win with ...Rxc1.} 23. Nc7+ Kd7 24. Nxb5 a6 {And now ...Rxc1 would win.} 25. Nc3 Rc6 (25... Rhe8 $16 {was necessary.}) 26. Ne2 (26. Nd5 $18) 26... Rxc1 27. Rxc1 {[%mdl 4096] Endgame KRN-KRN} Rb8 28. Rc4 Ne5 29. Ra4 Rb6 30. Kf1 Nc6 31. Nd4 d5 32. Nxc6 Rxc6 {KR-KR} 33. Ke2 Kc7 34. Kd3 Kb6 35. Rb4+ Kc7 36. Rf4 Kb6 37. Kd4 Rc2 38. Rf6+ ({Don't play} 38. Kxd5 Rxa2 39. Rf7 a5 $16) 38... Ka5 39. a3 ({Don't do} 39. Kxd5 $6 Rxa2 40. Kc4 Rc2+ 41. Kd3 Rc7 $16) 39... Rb2 40. b4+ (40. Kxd5 Rxb3 41. Rf7 Rb5+ 42. Ke6 Rb6+ 43. Kd5 Rb5+ 44. Ke6 Rb6+ 45. Ke5 Rb5+ 46. Ke6 $16) 40... Kb5 41. Kxd5 Rb3 42. a4+ {[%mdl 64] Decoy} Kxa4 $2 (42... Kxb4 43. Rb6+ (43. Rxa6 Rd3+ 44. Ke4 Rd2 $18) 43... Kxa4 44. Rxa6+ Kb5) 43. Rxa6+ $18 Kb5 44. Ra7 Rb2 45. Rf7 Rd2+ 46. Ke6 Kxb4 $2 (46... Kc6 47. Rxh7 Re2+ 48. Kf7 Rxf2+ 49. Kxg6 Rxg2+ 50. Kf6 Rf2+ 51. Ke5 Rb2) 47. Rxh7 Re2+ 48. Kd5 Rxf2 49. Rh4+ Kc3 50. Rg4 Rf6 51. Ke5 Ra6 52. Kf4 Kd4 53. Kg5+ Ke5 54. Kh6 Ra8 55. Rxg6 {White mates.} Rh8+ 56. Kg5 Rxh2 57. g4 {[%cal Bg2g4,Bg4g5][%mdl 32]} Rh8 58. Rg7 Ke6 {[#]} 59. Kg6 $1 Ra8 60. g5 Rh8 61. Ra7 Rg8+ {[#]} 62. Kh6 $1 Kf5 63. Ra5+ Ke6 64. Kh7 Rb8 65. Ra6+ Kf5 66. g6 {Accuracy: White = 89%, Black = 33%.} 1-0

[Event "4th CNE NED-ch Rapid"]
[Site "Amstelveen"]
[Date "2018.11.18"]
[Round "3"]
[White "Van Wely, Loek"]
[Black "Ernst, Sipke"]
[Result "1/2-1/2"]
[WhiteElo "2622"]
[BlackElo "2535"]
[Annotator "TA"]
[PlyCount "64"]
[EventDate "2018.11.18"]
[EventType "tourn"]
[EventCountry "NED"]
[SourceTitle "playchess.com"]
[Source "ChessBase"]
[SourceQuality "1"]

{[%evp 10,64,30,22,29,25,60,73,66,62,81,83,81,87,131,131,175,170,205,177,211,209,213,196,188,209,275,271,250,106,106,80,77,71,87,86,93,7,7,7,9,0,0,0,0,0,25,25,59,0,0,0,0,0,0,0,0]} 1. d4 d5 2. c4 e6 3. Nf3 a6 4. cxd5 exd5 5. Nc3 Nf6 6. Bf4 {LiveBook: 35 Games. D37: Queen's Gambit Declined: 5 Bf4} Be6 7. e3 Bb4 8. Qa4+ {White is slightly better.} Nc6 9. Ne5 O-O 10. Nxc6 Bxc3+ 11. bxc3 bxc6 12. Qxc6 Ne4 13. Bd3 (13. Qxc7 $6 Qh4 $16) 13... Rb8 14. O-O Nd2 15. Rfd1 ({Stronger than} 15. Bxa6 Rb6 $11) ({Less strong is} 15. Qxa6 Nxf1 16. Bxf1 (16. Rxf1 Qd7 $14) 16... Qd7 $14) (15. Qxc7 Qxc7 16. Bxc7 Rbc8) 15... Rb2 16. Qxa6 Qh4 17. Bg3 Qh5 18. Qa3 Rfb8 {and if ...Nb1 works, Black does fine.} 19. Bxc7 (19. Qa5 $18 {and White stays clearly on top.}) 19... Nb1 $16 20. Raxb1 (20. Qa4 {is more complex.} Nxc3 21. Qa7 R2b7 22. Qa5 Nxd1 23. Bxb8 Rxb8 24. Rb1) 20... Rxb1 21. Rf1 Rxf1+ 22. Bxf1 Rc8 23. Ba5 ({White should try} 23. Qa4 $16) 23... Qd1 $11 24. Bb4 h6 {[#] White must now prevent ...Bf5.} 25. Qa6 Rc4 {aiming for ...Bf5.} 26. e4 dxe4 27. h3 Kh7 28. a4 Qe1 29. a5 ({Better is} 29. Qb7 $14) 29... e3 {The position is equal.} 30. fxe3 Qxe3+ 31. Kh2 Qf4+ {[%mdl 64] [#] Double Attack} 32. Kg1 Qe3+ {Accuracy: White = 52%, Black = 48%.} 1/2-1/2

[Event "4th CNE NED-ch Rapid"]
[Site "Amstelveen"]
[Date "2018.11.18"]
[Round "3"]
[White "Sokolov, Ivan"]
[Black "Timman, Jan H"]
[Result "1-0"]
[WhiteElo "2588"]
[BlackElo "2541"]
[Annotator "TA"]
[PlyCount "91"]
[EventDate "2018.11.18"]
[EventType "tourn"]
[EventCountry "NED"]
[SourceTitle "playchess.com"]
[Source "ChessBase"]
[SourceQuality "1"]

{[%evp 20,91,16,0,0,0,0,-7,0,-21,-18,-18,-23,-12,8,20,13,0,33,0,25,30,50,45,39,39,46,50,50,50,74,50,50,52,59,48,62,66,70,48,62,55,77,68,73,53,73,-18,106,104,101,75,223,211,285,285,283,276,283,280,281,280,287,293,418,416,475,476,537,510,561,547,1115,855]} 1. d4 Nf6 2. c4 e6 3. Nf3 Bb4+ 4. Nbd2 O-O 5. a3 Be7 6. e4 d6 7. Bd3 Nbd7 8. O-O e5 9. d5 {E11: Bogo-Indian} Nc5 10. Bc2 a5 11. b3 {LiveBook: 4 Games. The position is equal.} c6 12. Bb2 cxd5 $146 ({Predecessor:} 12... Qb6 13. Bc3 Bg4 14. h3 {½-½ (43) Forcen Esteban,D (2539)-Salgado Lopez,I (2616) Madrid 2015}) 13. cxd5 Bd7 14. b4 axb4 15. axb4 Na6 16. Bc3 Qb8 17. Bd3 $36 {[%mdl 2048] White has the initiative.} Rc8 18. Qb3 Bd8 19. Ra3 Nc7 {next ...Rxa3 is good for Black.} 20. Rxa8 Qxa8 21. Ra1 Qb8 $1 22. b5 Nxb5 23. Bxe5 dxe5 24. Bxb5 Qc7 25. Bxd7 Nxd7 26. g3 Be7 27. Kg2 g6 28. Qb5 Nf6 29. Ra4 Bc5 30. Rc4 b6 31. Qb2 Nd7 32. Nb3 Qd6 33. Nc1 ({White should play} 33. Ra4 $16) 33... Ra8 (33... f5 $11 34. exf5 Qxd5) 34. Nd3 $16 {[%cal Rf3e5]} f6 35. Qb5 f5 (35... Rc8 $16) 36. Qc6 $18 Qxc6 37. dxc6 fxe4 38. Rxe4 ({Weaker is} 38. cxd7 exd3 39. Rc3 e4 $14) 38... Nf6 39. Nxc5 ({Don't take} 39. Rxe5 $6 Bd6 $18) 39... bxc5 40. Rxe5 {[%mdl 4096] Endgame KRN-KRN} Rc8 41. Rxc5 Kf7 (41... Ne8 {might work better.} 42. Ng5 Nc7) 42. Nd4 Ne8 43. Nb5 {White is clearly winning.} Ke7 44. Re5+ Kf6 {[#]} 45. Rxe8 $1 Rxe8 46. Nd6 {Precision: White = 65%, Black = 30%.} 1-0